00710nam a2200241 a 4500001001300000003000900013005001700022008004100039020001000080082001800090100001700108245006400125260003400189300000900223500003500232505001000267650002300277700001700300902000800317942000700325952011900332999001700451nice12345678IN_TiNIC20260116014827.0050524s2004 dela grp 000 0 eng  ac35000a297.1977bBAR aBarlas, Asma aIslam, Muslims and the USb Essays on Religion and Politics aDelhibGlobal Media Pubc2004 a154p aincludes index and biblioraphy2 aIndex aIslam and Politics1 aBarlas, Asma bSRS cBK 001040708StackRoom-aHMIbHMId2007-07-03g350.00l0o297.1977 BARp021064r2007-07-03v350.00w2005-05-24yBK c17164d17164